हिन्दी उपन्यास उद्दभव और विकास / (Record no. 112713)

MARC details
000 -LEADER
fixed length control field 01275nam a22002657a 4500
005 - DATE AND TIME OF LATEST TRANSACTION
control field 20170124102943.0
010 ## - LIBRARY OF CONGRESS CONTROL NUMBER
LC control number B-193202
020 ## - INTERNATIONAL STANDARD BOOK NUMBER
Terms of availability 300.00
International Standard Book Number 817056333
035 ## - SYSTEM CONTROL NUMBER
System control number B-193202
037 ## - SOURCE OF ACQUISITION
Source of stock number/acquisition Cen Lib/Ret
040 ## - CATALOGING SOURCE
Original cataloging agency DPL
Language of cataloging HN
082 ## - DEWEY DECIMAL CLASSIFICATION NUMBER
Classification number 823.08
Item number भारद्धा
100 ## - MAIN ENTRY--PERSONAL NAME
Personal name भारद्धाज, हेतु
9 (RLIN) 7808
245 ## - TITLE STATEMENT
Title हिन्दी उपन्यास उद्दभव और विकास /
Statement of responsibility, etc हेतु भारद्धा [एवं] सुमनलता
246 ## - VARYING FORM OF TITLE
Title proper/short title Hindi upanyas uddbhav aur vikas /
Remainder of title by Hetu Bhardwaj [and] Sumanlata
260 ## - PUBLICATION, DISTRIBUTION, ETC. (IMPRINT)
Place of publication, distribution, etc जयपुर
Name of publisher, distributor, etc पंचशील प्रकाशन
Date of publication, distribution, etc 2005
270 ## - ADDRESS
Address फिल्म कॉलोनी, चौड़ा रास्ता
City जयपुर
Postal code 302 003
300 ## - PHYSICAL DESCRIPTION
Extent 178पृ.
Dimensions 20सेमी (सजिल्द)
650 ## - SUBJECT ADDED ENTRY--TOPICAL TERM
Topical term or geographic name as entry element हिन्दी -- साहित्य
9 (RLIN) 48865
650 ## - SUBJECT ADDED ENTRY--TOPICAL TERM
Topical term or geographic name as entry element हिन्दी -- साहित्य -- उपन्यास -- आरंभिक काल
9 (RLIN) 48866
650 ## - SUBJECT ADDED ENTRY--TOPICAL TERM
Topical term or geographic name as entry element Hindi - literature
9 (RLIN) 48867
650 ## - SUBJECT ADDED ENTRY--TOPICAL TERM
Topical term or geographic name as entry element Hindi -- Literature - novel - initial period
9 (RLIN) 48868
700 ## - ADDED ENTRY--PERSONAL NAME
Personal name सुमनलता
9 (RLIN) 48869
942 ## - ADDED ENTRY ELEMENTS (KOHA)
Source of classification or shelving scheme Dewey Decimal Classification
Koha item type Hindi Books
Classification part 823.08
Call number suffix भारद्धा
Holdings
Withdrawn status Lost status Damaged status Not for loan Home library Current library Date acquired Source of acquisition Cost, normal purchase price Total Checkouts Total Renewals Full call number Barcode Date last seen Date checked out Copy number Cost, replacement price Price effective from Koha item type
        Central Library Central Library 10/08/2015 Cen Lib/Ret 300.00 14 3 823.08 भारद्धा B-193202 09/01/2023 03/12/2022 1 300.00 10/08/2015 Hindi Books

© Delhi Public Library
Hit Counter
free hit counter